Presidents of Lebanon by Picture - Statistics

General Stats
  • This quiz has been taken 111 times
    22 since last reset
  • The average score is 12 of 22
Answer Stats
Picture Hint Answer % Correct
2025-Present Joseph Aoun
100%
1989-1990 | 2016-2022 Michel Aoun
100%
1982-1988 Amine Gemayel
90%
1982 Bachir Gemayel
90%
1943 | 19431-952 Bechara El Khoury
70%
1952-1958 Camille Chamoun
70%
1936-1941 | 1943 Émile Eddé
70%
1998-2007 Émile Lahoud
60%
2008-2014 Michel Suleiman
60%
1926-1934 Charles Debbas
50%
1952 | 1958-1964 Fouad Chehab
50%
1934-1936 Habib Pacha Saad
50%
1943 Ayoub Tabet
40%
1989-1998 Elias Hrawi
40%
1943 Petro Trad
40%
1970-1976 Suleiman Frangieh
40%
1941-1943 Alfred Naqqache
30%
1964-1970 Charles Helou
30%
1976-1982 Élias Sarkis
30%
1989 René Moawad
30%
1941 Pierre-Georges Arlabosse
20%
1988-1989 Selim Hoss
10%
No matching quizzes found
Score Distribution
Percent of People with Each Score
Percentile by Number Answered
Your Score History
You have not taken this quiz since the last reset